• 首页
  • 本馆介绍
  • 公告通知
  • 最新文献
  • 馆藏检索
  • 电子资源
  • 读者导购
  • 参考咨询
  • 我的图书馆
  • 登录
  • 详细信息显示
  • 放入我的书架
  • 预约/预借图书
  • 作者相关作品
  • 分类相关作品
  • 丛书相关作品
  • 出版社相关作品

书目信息

  • 表格格式
  • 工作单格式
  • 卡片格式
题名:
退休心理学
    
 
作者: ;英国DK出版社 著
分册:  
出版信息: 北京   电子工业出版社  2018
页数: 224页
开本: 24cm
丛书名:
单 册:
中图分类: B844.4
科图分类:
主题词: 发展心理学
电子资源:
ISBN: 7-121-32726-0
000 00664nam0 2200205 450
001 6986
005 20180604140423.71
010    @a7-121-32726-0@dCNY118.00
100    @a20180604d2018 km y0chiy0120 ea
101 0  @achi
102    @aCN@b110000
200 1  @a退休心理学@Atui xiu xin li xue@e重塑我的后半生@f英国DK出版社著@Fying guo DK chu ban she zhu
210    @a北京@c电子工业出版社@d2018
215    @a224页@d24cm
517 1  @a重塑我的后半生@Azhong su wo de hou ban sheng
606 0  @a发展心理学
690    @aB844.4@v4
711 02 @a英国DK出版社@Aying guo DK chu ban she@4著
801  0 @aCN@b大连网信软件有限公司图书馆·11@c20180604
905    @aMuseLib@dB844.4@e2384
    
    退休心理学:重塑我的后半生/英国DK出版社著.-北京:电子工业出版社,2018
    224页;24cm
    
    
    ISBN 7-121-32726-0:CNY118.00
    
●
相关链接 在E读中查询图书 在五车中查询图书 在当当中查询图书 在豆瓣中查询图书


正题名:退休心理学     索取号:B844.4/2384         预约/预借

序号 登录号 条形码 馆藏地/架位号 状态 备注
1 1116029   211160296   第一样本阅览室/ [索取号:B844.4/2384] 在馆    
2 1116030   211160303   教育系资料室/ [索取号:B844.4/2384] 在馆    
欢迎您!
大连网信软件有限公司© 版权所有